000
00295nam a2200145Ia 4500
100
_a
Theraja/B.L.
942
_c
BK
654
_a
Physics
245
_a
Modern Physics
260
_b
S.Chand and Co.
_a
New Delhi
_c
1985
082
_a
539
_b
THE
300
_a
422
546
_a
ENGLISH
999
_c
34613
_d
34613